00629nam a2200133Ia 4500008004100000245025000041260002900291260000900320300000600329650001300335856005500348999001900403952007300422170516s9999 xx 000 0 und d aBiodegradable Polymersomes for the Delivery of Gemcitabine to Panc-1 Cells, Nimil Sood, Walter T. Jenkins, Xiang-Yang Yang, Nikesh N. Shah, Joshua S. Katz, Cameron J. Koch, Paul R. Frail, Michael J. Therien, Daniel A. Hammer, and Sydney M. Evans bJournal of Pharmaceutics c2013 a: xPharmacy uhttps://www.hindawi.com/journals/jphar/contents/3/ c331044d331044 001040aCLbCLd2017-05-16l0r2017-05-16 00:00:00w2017-05-16yFOJ